000 00736cam a22002411 4500
001 agr33000170
003 DLC
005 20260227110953.0
008 811121s1932 xx a 000 0 ger
010 _aagr33000170
035 _a(OCoLC)14730685
040 _aDLC
_cDNLM
_dDLC
042 _apremarc
050 0 0 _aQH431
_b.H25 bd. 1, I
060 0 _aQH 431
_bH236 Bd.1, I
100 1 _aFöyn, Björn.
245 1 0 _aGeschlechtsgebundene und geschlechtskontrollierte vererbung,
_cvon Björn Föyn ...
260 _aBerlin,
_bGebrüder Borntraeger,
_c1932.
300 _aiv, 122 p.
_bill.
440 0 _aHandbuch der vererbungswissenschaft,
_vBd. 1, I
500 _aIssued as lfg. 17.
504 _a"Literaturverzeichnis": p. [102]-122.
999 _c9563
_d9563